De quel manga / animé vient cet oeil ? - 1 - Statistiques

Statistiques générales
  • Ce quiz a été pris 101 fois
  • Le résultat moyen est 12 sur 20
Statistiques - réponses
Par images Réponse % Correct
Naruto
96%
Boruto
95%
Demon Slayer
90%
Fire Force
84%
Jujutsu Kaisen
84%
One Piece
78%
Hunter X Hunter
77%
Blue Lock
73%
Code Geass
66%
Berserk
65%
Bleach
65%
Capitaine Tsubasa
57%
Oshi No Ko
52%
Kuroko no Basket
50%
CyberPunk Edgerunners
40%
Full Metal Alchemist Brotherhood
39%
Ranking of King
30%
Akame Ga Kill
22%
Gashiakuta
12%
Dororo to Hyakimaru
5%
Aucun quiz correspondant
Distribution des résultats
% des personnes avec chaque résultat
Percentile par nombre de réponses
Votre historique - résultats
Vous n’avez pas pris ce quiz